The international dictionary of physics and electronics /

Gorde:
Xehetasun bibliografikoak
Formatua: Liburua
Hizkuntza:ingelesa
Argitaratua: Nueva York, EUA : Van Nostrand, 1961, c1961
Edizioa:2a edición
Gaiak:
Etiketak: Etiketa erantsi
Etiketarik gabe, Izan zaitez lehena erregistro honi etiketa jartzen!

MARC

LEADER 00000nam^a2200000^a^4500
001 000092692
005 20250521000000.0
009 20260310092731.652
037 |a Acervo ITESO - Biblioteca 
041 |a ING 
082 |a 530.  |b INT 
245 1 4 |a The international dictionary of physics and electronics / 
250 |a 2a edición 
264 4 |a Nueva York, EUA :  |b Van Nostrand,  |c 1961, c1961 
300 |a 1355 p. 
336 |a texto  |b txt  |2 rdacontenido 
337 |a sin mediación  |b n  |2 rdamedio 
338 |a volumen  |b nc  |2 rdasoporte 
649 |a XX 
650 |a Física -  |x Enciclopedias y Diccionarios 
650 |a Ingeniería Electrónica -  |x Enciclopedias y Diccionarios 
650 |a Electrónica -  |x Enciclopedias y Diccionarios 
650 |a Enciclopedias y Diccionarios 
910 |a Fondo General 
920 |a Impresos - Libros 
930 |a Obras de Referencia 
905 |a 102 
901 |a 0500027498  |b IT2  |c REF  |u 20250521 
902 |a https://opac.biblio.iteso.mx/vufind/Record/000092692